| 000 | 00740nam a2200193 a 4500 | ||
|---|---|---|---|
| 003 | 0 | ||
| 005 | 20250411092947.0 | ||
| 008 | 060729s19uu xx 00 eng d | ||
| 050 |
_aPHS JQ 1416 _b.G67 2006 |
||
| 100 | _aGorospe, Karl Vincent. | ||
| 245 |
_aApplicability of the parliamentary form of government to the Philippine setting / _cKarl Vincent Gorospe. |
||
| 260 |
_aLas PiƱas City, Philippines : _bSouthville International School and Colleges, _c2006. |
||
| 300 |
_a40 pages : _billustrations ; _c28 cm. |
||
| 504 | _aIncludes bibliographical references. | ||
| 650 |
_aParliamentary government _zPhilippines. |
||
| 650 |
_aPhilippines _xPolitics and government. |
||
| 650 |
_aConstitutional law _zPhilippines. |
||
| 942 |
_2lcc _cPASS |
||
| 999 |
_c97610 _d97610 |
||